Právo staré Číny /

Hlavní autor: Tomášek, Michal, 1963-
Jazyk: Čeština
Vydáno: Praha : Codex, 1995
Vydání: Vyd. 1.
Témata:
Externí odkaz: Digitalizovaný dokument
Fyzický popis: 94 s. : il. ; 24 cm
Knihy
Uloženo v:
LEADER 01097nam a2200325 a 4500
001 000054111
003 CZ BrMZK
005 20230815111644.0
007 ta
008 950313s1995 xr f 0 cze d
015 |a cnb000115181 
020 |a 80-85963-04-3 
040 |a BOA001  |b cze 
043 |a a-cc--- 
072 7 |a 34  |x Právo  |2 Konspekt  |9 16 
080 |a 34(091)  |2 MRF 
080 |a (510)  |2 MRF 
080 |a (048.8)  |2 MRF 
100 1 |a Tomášek, Michal,  |d 1963-  |7 jn20000402379  |4 aut 
245 1 0 |a Právo staré Číny /  |c [Michal Tomášek] 
250 |a Vyd. 1. 
260 |a Praha :  |b Codex,  |c 1995 
300 |a 94 s. :  |b il. ;  |c 24 cm 
500 |a Dostupné též v digitální podobě v aplikaci Kramerius 
650 0 7 |a právní dějiny  |7 ph164957  |z Čína  |2 czenas 
655 7 |a studie  |7 fd133597  |2 czenas 
856 4 1 |u http://www.digitalniknihovna.cz/mzk/uuid/uuid:3d9367c0-b021-11e8-99aa-005056827e51  |y Digitalizovaný dokument  |x NDK 
910 |a BOA001  |b 2-1015.288 
990 |a BK 
996 6 |b 2610029599  |c 2-1015.288  |l MZK  |r Sklad / do 1 hodiny  |n 7  |p p.v.  |w 000054111  |u 000010  |a 1  |e BOA001  |j MZK50  |s P